Advanced Educational Psychology/ (Record no. 199696)
[ view plain ]
| 000 -LEADER | |
|---|---|
| fixed length control field | 00731nam a22002177a 4500 |
| 005 - DATE AND TIME OF LATEST TRANSACTION | |
| control field | 20231226121302.0 |
| 010 ## - LCCN (DPL NO) | |
| LC control number | ENG-138622 ENG-138751 |
| 020 ## - INTERNATIONAL STANDARD BOOK NUMBER | |
| International Standard Book Number | 9788195022373 |
| Terms of availability | 1595.00 |
| 020 ## - INTERNATIONAL STANDARD BOOK NUMBER | |
| International Standard Book Number | 9788195022366 |
| Terms of availability | 450.00 |
| 035 ## - SYSTEM CONTROL NUMBER | |
| System control number | EN-122154 EN-122283 |
| 037 ## - SOURCE OF ACQUISITION | |
| Source of stock number/acquisition | DBAD/PUB |
| 082 ## - DEWEY DECIMAL CLASSIFICATION NUMBER | |
| Classification number | 370.15 |
| Edition number | 1 |
| Item number | 1 |
| 100 ## - MAIN ENTRY--PERSONAL NAME | |
| Personal name | Bhatt, Dipti Pinakin |
| 245 ## - TITLE STATEMENT | |
| Title | Advanced Educational Psychology/ |
| Statement of responsibility, etc | By Dipti Pinakin Bhatt |
| 250 ## - EDITION STATEMENT | |
| Edition statement | First |
| 260 ## - PUBLICATION, DISTRIBUTION, ETC. (IMPRINT) | |
| Place of publication, distribution, etc | Sultan Bazar ,Hyderabad- 500095 |
| Name of publisher, distributor, etc | Neelkamal Publications |
| Date of publication, distribution, etc | 2021 |
| 270 ## - ADDRESS | |
| Address | 4764/1, 23, Ansari Road Daryaganj, New Delhi- |
| City | Delhi |
| Postal code | 110002 |
| Telephone number | 9811828953 |
| 300 ## - PHYSICAL DESCRIPTION | |
| Extent | xvii+362p. |
| Dimensions | 25cm(pbk) |
| 300 ## - PHYSICAL DESCRIPTION | |
| Extent | xvii+362p. |
| Dimensions | 25cm(pbk) |
| 942 ## - ADDED ENTRY ELEMENTS (KOHA) | |
| Source of classification or shelving scheme | Dewey Decimal Classification |
| Item type | English Books |
| Classification part | 370.15 |
| Call number suffix | BHA |
| Withdrawn status | Lost status | Not for loan | Collection code | Home library | Current library | Date acquired | Source of acquisition | Cost, normal purchase price | Full call number | Barcode | Copy number | Koha item type | Cost, replacement price |
|---|---|---|---|---|---|---|---|---|---|---|---|---|---|
| Non-fiction | Ashok Vihar | Ashok Vihar | 26/12/2023 | DBAD/PUB | 450.00 | 370.15 BHA | EN-122283 | 1 | English Books | 450.00 | |||
| Non-fiction | Sarojini Nagar | Sarojini Nagar | 19/12/2023 | DBAD/PUB | 1595.00 | 370.15 BHA | EN-122154 | 1 | English Books |
